| 000 | 00000nas 2200000za 4500 |
| 001 | 9.514661 |
| 003 | CaOODSP |
| 005 | 20220114144757 |
| 007 | ta |
| 008 | 150406c1990||||xxc|| m #||||f| |0eng|d |
| 022 | |a0832-7122 |
| 040 | |aCaOODSP|beng |
| 043 | |an-cn--- |
| 086 | 1 |aFo46-14E |
| 110 | 1 |aCanada. |bNatural Resources Canada. |bCanadian Forest Service. |
| 245 | 10|aInformation report. O-X series / |cIssued by the Ontario Region, Great Lakes Forestry Centre. |
| 260 | |aSault Ste. Marie - Ontario : |bNatural Resources Canada. |
| 500 | |aCanadian cataloguing in publication data printed in this publication. |
| 530 | |aIssued also in electronic format. |
| 546 | |aRésumés en français |
| 563 | |aSoftcover |
| 775 | 08|tRapport d'information. Série O-X / |w(CaOODSP)9.513034 |
| 776 | 0#|tInformation report / |w(CaOODSP)9.906931 |